Persona jurídica: tratamiento en los tipos civil y comercial
Guardat en:
| Autor principal: | |
|---|---|
| Format: | Llibre |
| Idioma: | espanyol |
| Publicat: |
Buenos Aires
Abeledo-Perrot
1998
|
| Matèries: | |
| Etiquetes: |
Afegir etiqueta
Sense etiquetes, Sigues el primer a etiquetar aquest registre!
|
MARC
| LEADER | 00000nam a2200000 a 4500 | ||
|---|---|---|---|
| 001 | UCO1944 | ||
| 003 | CL-VaPUC | ||
| 008 | 000525e19980000AG |||||||||||||||||spa|d | ||
| 082 | 0 | 4 | |a 346.06 |b GAR |2 21 |
| 100 | 0 | |a García Tejera, Norberto J |e author |9 444495 | |
| 245 | 1 | 0 | |a Persona jurídica: tratamiento en los tipos civil y comercial |
| 300 | |a 317 p | ||
| 942 | |c BK | ||
| 945 | |d 20000525 00:00:00 |a vberengu | ||
| 260 | |a Buenos Aires |b Abeledo-Perrot |c 1998 | ||
| 650 | 0 | |a Asociaciones |9 257659 | |
| 650 | 0 | |a Autonomía de la voluntad |9 382256 | |
| 650 | 0 | |a Contrato |9 336601 | |
| 650 | 0 | |a Derecho natural |9 255041 | |
| 650 | 7 | |a FUNDACIONES |2 CL-VaPUC |9 363951 | |
| 650 | 0 | |a Sociedades |9 259052 | |
| 650 | 7 | |a SOCIEDADES CIVILES |2 CL-VaPUC |9 351741 | |
| 650 | 0 | |a Sociedades comerciales |9 257290 | |
| 650 | 7 | |a TIPICIDAD |2 CL-VaPUC |9 258099 | |
| 583 | |a last modification |c 20190801 07:57:34 |k Rodrigo Vera | ||
| 999 | |c 288494 |d 288492 | ||
| 952 | |0 0 |1 0 |4 0 |6 346_060000000000000_GAR_1998 |7 0 |8 A |9 336185 |a BIBDER |b BIBDER |d 2019-11-20 |i 3611094 |l 2 |o 346.06 GAR 1998 |p 3611094 |r 2023-12-20 |s 2023-12-20 |w 2019-11-20 |y BK |k DER | ||